| 000 | 00492nam a22001577a 4500 | ||
|---|---|---|---|
| 003 | OSt | ||
| 008 | 260423b |||||||| |||| 00| 0 eng d | ||
| 082 |
_a635.646 _bD18E |
||
| 100 | _aDas, Kumar Tribeni | ||
| 245 | _aEffect of Fertility Levels and Spacing on Growth and Yield Attributing Characters of Hybrid Brinjal (Solanum melongena L.) | ||
| 260 |
_aPusa, Samastipur _bRAU, Pusa _c2003 |
||
| 300 | _a51P. | ||
| 502 |
_bMsc. _d2003 |
||
| 650 | _aVegetable and Horticulture | ||
| 942 |
_2ddc _cT |
||
| 999 |
_c50126 _d50126 |
||